000 00463nam a2200181Ia 4500
005 20230913100334.0
008 131103s9999 xx 000 0 und d
040 _aLoreto College
041 _aEnglish
082 _a242
_bEVE
100 _aEvely, Louis
245 4 _aThe Prayer of a Modern Man
_cby Louis Evely
260 _aPennsylvania
_bDimension Books
_cc 1968
300 _a117p.
650 _aLiterature - religion
850 _aLCLIB
942 _cBK
999 _c23313
_d73792